Statistiques concernant 15 mots d'anglais #11

Cliquez ici pour prendre le quiz!

Statistiques générales

  • Ce quiz a été pris 79 fois
  • Le résultat moyen est 5 sur 15

Statistiques - réponses

FrançaisAnglais% Correct
RireLaugh / To laugh
91%
BaleineWhale
72%
Sans abriHomeless
68%
Voler (2 sens acceptés)To steal / To fly
68%
PrierTo pray
66%
VétérinaireVet
47%
LameBlade
34%
FloconFlake
26%
JongleurJuggler
16%
CigogneStork
14%
EcraserTo crush
14%
Détroit / CanalChannel / Strait
12%
Bouée / BaliseBuoy
8%
TapoterTo pat
5%
RumeurHearsay
4%

Distribution des résultats

Percentile par nombre de réponses

% des personnes avec chaque résultat

Votre développement - résultats

Vous n’avez pas pris ce quiz